00345nam a22001217a 450000500170000002000180001703700080003524500420004326000480008530000340013349000350016770000210020220111208170651.0 a9781593394264 bPUB aTime /cillustrated by Jerry A. Kraus aNew Delhi bEncyclopaedia Britannica c2008 aV11 (32p.) c25cm (Hb)bill.  a Britannica discovery library  aKraus, Jerry A.